| 000 | 00000nam 2200000zi 4500 |
| 001 | 9.952741 |
| 003 | CaOODSP |
| 005 | 20250910101913 |
| 006 | m o d f |
| 007 | cr mn||||||||| |
| 008 | 250626e202507##onca ob f000 0 fre d |
| 020 | |a9780660779492 |
| 040 | |aCaOODSP|bfre|erda|cCaOODSP |
| 043 | |an-cn--- |
| 086 | 1 |aH22-4/44-2025F-PDF |
| 245 | 00|aCadre éthique pour le recrutement et le maintien en poste des professionnels de la santé formés à l'étranger au Canada. |
| 246 | 17|aCadre éthique pour le recrutement et le maintien en poste des professionnels de la santé formés à l'étranger au Canada, 2024 |
| 264 | 1|aOttawa (Ontario) : |bSanté Canada, |cjuillet 2025. |
| 264 | 4|c©2025 |
| 300 | |a1 ressource en ligne (ii, 29 pages) : |billustrations en couleur |
| 336 | |atexte|btxt|2rdacontent/fre |
| 337 | |ainformatique|bc|2rdamedia/fre |
| 338 | |aressource en ligne|bcr|2rdacarrier/fre |
| 500 | |aPublié aussi en anglais sous le titre : Ethical framework for the recruitment and retention of internationally educated health professionals in Canada. |
| 500 | |aTitre de la couverture. |
| 500 | |a« Pub. : 250135 » -- Verso de la couverture. |
| 504 | |aComprend des références bibliographiques. |
| 520 | |a« Le Cadre éthique pour le recrutement et le maintien en poste des professionnels de la santé formés à l'étranger au Canada (« le Cadre »), basé sur le Code de pratique mondial de l'OMS pour le recrutement international des personnels de santé (Code de l'OMS), vise à faciliter l'adoption de pratiques éthiques, responsables, équitables et transparentes. Le Cadre comprend des facteurs volontaires qui visent à soutenir le recrutement éthique et le maintien en poste des professionnels de la santé formés à l'étranger (PSFE) au Canada. Les PSFE jouent un rôle important dans la prestation des soins de santé et des services sociaux au Canada et devraient être recrutés et soutenus d'une manière éthiquement responsable. Le Cadre a été élaboré en consultation avec des parties prenantes de partout au Canada qui participent au recrutement, au maintien en poste, à l'établissement et à l'intégration des PSFE, y compris les PSFE ayant une expérience vécue. Les gouvernements fédéral, provinciaux et territoriaux, ainsi que d'autres acteurs clés, continuent de participer activement à l'avancement du recrutement éthique des PSFE au Canada, et des exemples illustratifs ont été inclus dans l'ensemble du Cadre » -- Contexte, page 2. |
| 650 | 6|aPersonnel médical|xRecrutement|xPolitique gouvernementale|zCanada. |
| 650 | 6|aTravailleurs étrangers|xRecrutement|xPolitique gouvernementale|zCanada. |
| 650 | 6|aPersonnel médical|xTravail|xPolitique gouvernementale|zCanada. |
| 650 | 6|aTravailleurs étrangers|xTravail|xPolitique gouvernementale|zCanada. |
| 650 | 6|aPersonnel|xRétention|xPolitique gouvernementale|zCanada. |
| 710 | 1 |aCanada. |bSanté Canada, |eorganisme de publication. |
| 775 | 08|tEthical framework for the recruitment and retention of internationally educated health professionals in Canada.|w(CaOODSP)9.952739 |
| 856 | 40|qPDF|s493 Ko|uhttps://publications.gc.ca/collections/collection_2025/sc-hc/H22-4-44-2025-fra.pdf |
| 856 | 4 |qHTML|sS.O.|uhttps://www.canada.ca/fr/sante-canada/services/publications/systeme-et-services-sante/cadre-ethique-recrutement-maintien-poste-professionnels-sante-formes-etranger.html |
| 986 | |a250135 |